Résumé de nos connaissances sur l'athracolithique de la Catalogue et ses relations chronologiques avec les formations similaires de la Pèninsule Ibérique / (Record no. 62083)

MARC details
000 -LEADER
campo de control de longitud fija 00750nam a2200193 i 4500
001 - NÚMERO DE CONTROL
campo de control 62083
003 - IDENTIFICADOR DE NÚMERO DE CONTROL
campo de control ES-MaACL
005 - FECHA Y HORA DE LA ÚLTIMA TRANSACCIÓN
campo de control 20251105063132.0
007 - CAMPO FIJO DE DESCRIPCIÓN FÍSICA--INFORMACIÓN GENERAL
campo de control de longitud fija t|
008 - DATOS DE LONGITUD FIJA--INFORMACIÓN GENERAL
campo de control de longitud fija 031117s1928 fr ||||1| fre d
100 1# - ENTRADA PRINCIPAL--NOMBRE DE PERSONA
Nombre de persona Faura i Sans, M.,
Fechas asociadas al nombre 1883-1941
9 (RLIN) 48954
245 10 - MENCIÓN DEL TÍTULO
Título Résumé de nos connaissances sur l'athracolithique de la Catalogue et ses relations chronologiques avec les formations similaires de la Pèninsule Ibérique /
Mención de responsabilidad, etc. M. Faura y Sans.
260 ## - PUBLICACIÓN, DISTRIBUCIÓN, ETC.
Lugar de publicación, distribución, etc. Liége :
Nombre del editor, distribuidor, etc. [s.n.,
Fecha de publicación, distribución, etc. 1928] (
Fabricante Imp. Vaillant-Carmanne)
300 ## - DESCRIPCIÓN FÍSICA
Extensión 17 h. ;
Dimensiones 27 cm.
500 ## - NOTA GENERAL
Nota general Precede al tit.: Congrés de Stratigraphie Carbonifère.
711 2# - ENTRADA AGREGADA--NOMBRE DE REUNIÓN
Nombre de congreso/reunión o jurisdicción como elemento de entrada Congrés de Stratigraphie Carbonifère.
9 (RLIN) 234
852 ## - LOCALIZACIÓN
Ubicación ES-MaACL
Número de control de estantería 1732-F-19
Holdings
Estatus retirado Estado de pérdida Estado de daño No para préstamo Colección Biblioteca de origen Biblioteca actual Ubicación en estantería Fecha de adquisición Fuente de adquisición Total de préstamos Signatura topográfica completa Código de barras Visto por última vez Precio de reemplazo Tipo de ítem Koha
        Colección de folletos Biblioteca del Ateneo de Madrid Biblioteca del Ateneo de Madrid Depósito folletos 17/01/2008     1732-F-19 1065089 23/02/2023 23/02/2023 Folleto